| 000 | 00563cab a2200193 4500 | ||
|---|---|---|---|
| 001 | WB2323-31 | ||
| 008 | 090401t1987 xxu||||| |||| 00| 0 eng d | ||
| 035 | _a(Sirsi) u13046 | ||
| 041 | _aeng | ||
| 245 | _aFIMBRA fees | ||
| 260 | _c1987 | ||
| 350 | _a0 | ||
| 490 |
_aFinancial Adviser _vno 7, 11/6/87 p3 |
||
| 520 | _aDetails of the scale of fees set by the Financial Intermediaries, Managers and Brokers Regulatory Association for its members. | ||
| 650 | _aFINANCIAL SERVICES | ||
| 690 | _aPROPERTY LAW AND PRACTICE | ||
| 942 | _n0 | ||
| 948 | _c04/03/1997 | ||
| 999 |
_c8385 _d8385 |
||